000 00199nam a22000977a 4500
082 _a494
_bROH/M
245 _aMACHUVARA AUR JINN
260 _a DELHI
_b ROHAN BOOK
650 _aSTORY
_zDELHI
942 _cBK
999 _c4570
_d4570